The analysis of linear partial differential operators I: distribution theory and fourier analysis

Wedi'i Gadw mewn:
Manylion Llyfryddiaeth
Prif Awdur: Hörmander, Lars (Awdur)
Fformat: Llyfr
Iaith:Saesneg
Cyhoeddwyd: Berlín Springer-Verlag 1990
Rhifyn:2a. ed
Cyfres:Grundlehren der Mathematischen Wissenschaften, 256
Pynciau:
Tagiau: Ychwanegu Tag
Dim Tagiau, Byddwch y cyntaf i dagio'r cofnod hwn!

MARC

LEADER 00000nam a2200000 a 4500
001 UCO1438
003 CL-VaPUC
008 000512e19900000GW |||||||||||||||||eng|d
082 0 4 |a 515.243  |b HOR  |2 21 
100 0 |a Hörmander, Lars  |e author  |9 443547 
245 1 4 |a The analysis of linear partial differential operators I: distribution theory and fourier analysis 
250 |a 2a. ed 
300 |a 440 p 
942 |c BK 
945 |d 20000512 00:00:00  |a vberengu 
260 |a Berlín  |b Springer-Verlag  |c 1990 
650 0 |a Análisis armónico  |9 269929 
650 0 |a Análisis de Fourier  |9 260464 
650 0 |a Análisis espectral   |9 315304 
650 7 |a FUNCIONES DIFERENCIALES  |2 CL-VaPUC  |9 270033 
650 0 |a Series de Fourier  |9 260465 
650 0 |a Sistemas lineales   |9 384816 
650 0 |a Transformada de Fourier  |9 425331 
583 |a last modification  |c 20000512 00:00:00  |k Rodrigo Vera 
490 0 |a Grundlehren der Mathematischen Wissenschaften, 256 
999 |c 288059  |d 288057 
952 |0 0  |1 0  |4 0  |6 515_243000000000000_HOR_1990  |7 0  |8 A  |9 335250  |a BIBMAT  |b BIBMAT  |d 2019-11-20  |i 3603199  |l 3  |o 515.243 HOR 1990  |p 3603199  |r 2025-01-07  |s 2022-08-23  |w 2019-11-20  |y BK  |k MAT